000 00685nam a22002297a 4500
005 20170124105957.0
010 _aA-004739
020 _c00.00
035 _aA-004739
037 _bCen Lib/Ret
040 _aDPL
_bEN
082 _a360
_bCHA
100 _aChase, Stuart
_93983
245 _aThe most probable world /
_cby Stuart Chase
260 _aNew York
_bHarper & Row, Publishers
_c1968
270 _bNew York
_a49 east 33rd street
_e10016
300 _axii, 239p
_c21cm(Hb)
500 _aIncludes bibliographical references and index
650 _aNationalism
_914948
650 _aTechnology
_xLiving space
_914949
942 _2ddc
_cEN
_h360
_mCHA
999 _c125610
_d125610